Physiological basis for rational exploitation of Hevea yield (Record no. 64984)

MARC details
000 -LEADER
fixed length control field 00293nam a2200109Ia 4500
100 ## - MAIN ENTRY--AUTHOR NAME
Personal name Pakianathan S W
245 #0 - TITLE STATEMENT
Title Physiological basis for rational exploitation of Hevea yield
650 ## - SUBJECT ADDED ENTRY--TOPICAL TERM
Topical Term Exploitation
700 ## - ADDED ENTRY--PERSONAL NAME
Personal name Abraham P D
942 ## - ADDED ENTRY ELEMENTS (KOHA)
Koha item type Journals
Holdings
Withdrawn status Lost status Damaged status Not for loan Home library Current library Date acquired Koha item type
      Journals RRII Library RRII Library 17/12/2021 Journals